000 00370nam a2200145 i 4500
001 96852
003 ES-MaACL
005 20230906182004.0
007 t|
008 050701s1926 sp ||||1| spa d
245 0 0 _aManifiesto de la Junta Militar Republicana /
_c1926.
260 _aMadrid :
_b[s.n.],
_c1926.
300 _a2 p. ;
_c33 cm.
852 _aES-MaACL
_j1612-F-9
999 _c96852
_d96852